|
|
|
|
| LEADER |
00000nab a2200000 a 4500 |
| 001 |
vtls000764671 |
| 003 |
SK-MaSNL |
| 005 |
20260304133337.0 |
| 008 |
250429c2001 xo 0 slo |
| 015 |
|
|
|a SNBRB2001/08-23454
|
| 035 |
|
|
|a CLN000116458
|
| 035 |
|
|
|a urn:nbn:sk:snk-abm2u
|
| 035 |
|
|
|a (urnnbn)urn:nbn:sk:snk:ar-a048hb
|
| 035 |
|
|
|a (uuid)e7f084af-edda-49b0-940c-39684068f827
|
| 040 |
|
|
|a SNKBUCL
|b slo
|c SNKBUCL
|e AACR2
|
| 041 |
0 |
|
|a eng
|
| 044 |
|
|
|a xo
|c SK
|
| 080 |
|
|
|a 621.396:519.17
|2 1997
|
| 080 |
|
|
|a 519.17
|2 1997
|
| 080 |
|
|
|a 519.7
|2 1997
|
| 245 |
0 |
0 |
|a Hardness results and efficient approximations for frequency assignment problems: radio labelling and radio coloring
|c D.A. Fotakis ... [et al.]
|
| 300 |
|
|
|b Fotogr., sch.
|
| 504 |
|
|
|a Res. angl.
|
| 504 |
|
|
|a Bibliogr. odkazy
|
| 504 |
|
|
|a Biogr. údaje
|
| 650 |
0 |
7 |
|a siete rádiové
|x frekvencia
|x priraďovanie
|2 snkbucl
|9 1450261
|
| 655 |
|
7 |
|a články z novín a časopisov
|2 snkbucl
|9 267496
|
| 700 |
1 |
|
|a Fotakis, Dimitris A.
|4 aut
|9 1450262
|
| 700 |
1 |
|
|a Papadopoulou, Vicky G.
|d 1975-
|4 aut
|9 1450263
|
| 700 |
1 |
|
|a Nikoletseas, Sotiris E.
|4 aut
|9 1450264
|
| 700 |
1 |
|
|a Spirakis, Paul G.
|d 1955-
|4 aut
|9 1450265
|
| 773 |
0 |
|
|t Computing and informatics
|g Roč. 20, č. 2 (2001), s. 121-180
|x 0232-0274
|
| 850 |
|
|
|a Slovenská národná knižnica
|
| 852 |
|
|
|a Slovenská národná knižnica
|
| 958 |
|
|
|a article27
|
| 958 |
|
|
|a NB
|
| 958 |
|
|
|a OND
|
| 958 |
|
|
|a EUIPO
|
| 999 |
|
|
|c 2901005
|d 2902935
|